Statistics for Historical Flags Quiz

Click here to take the quiz!

General Stats

  • This quiz has been taken 166 times
  • The average score is 13 of 15

Answer Stats

Answer% Correct
Japan
99%
United States
99%
China (Qing)
98%
England
96%
Soviet Union
96%
Austria-Hungary
95%
Germany
95%
France
92%
Rome
88%
Ottoman Empire
87%
Ethiopia (Abyssinia)
85%
Prussia
85%
Spain
84%
Holy Roman Empire
75%
Polish-Lithuanian Commonwealth
66%

Score Distribution

Percentile by Number Answered

Percent of People with Each Score

Your Score History

You have not taken this quiz